000 00280nam a22001217a 4500
008 170407b xxu||||| |||| 00| 0 eng d
041 _aeng
080 _24 ED
_a616
100 _a9
101 _ashm
245 _aROBINS PATHOLOGY BASIS OF DISEASE
_cCOTRAN.K.R
942 _2udc
_cBK
999 _c10188
_d10188